UBT Library

Alopecia areata / (Record no. 41288)

000 -LEADER
fixed length control field 00797cam a22002414a 4500
001 - CONTROL NUMBER
control field 14170698
005 - DATE AND TIME OF LATEST TRANSACTION
control field 20180130071603.0
008 - FIXED-LENGTH DATA ELEMENTS--GENERAL INFORMATION
fixed length control field 051116s2007 nyua j b 001 0 eng
010 ## - LIBRARY OF CONGRESS CONTROL NUMBER
LC control number 2005033232
020 ## - INTERNATIONAL STANDARD BOOK NUMBER
International Standard Book Number 1404206930 (library binding)
040 ## - CATALOGING SOURCE
Original cataloging agency DLC
Transcribing agency DLC
Modifying agency DLC
041 ## - LANGUAGE CODE
Language code of text/sound track or separate title eng
042 ## - AUTHENTICATION CODE
Authentication code pcc
080 ## - UNIVERSAL DECIMAL CLASSIFICATION NUMBER
Universal Decimal Classification number 616.546 LEV
082 00 - DEWEY DECIMAL CLASSIFICATION NUMBER
Classification number 616.546 LEV
Edition number 22
100 1# - Rafti
Rafti 6
101 ## - Shkurtesa
Shkurtesa GJEN
245 10 - TITLE STATEMENT
Title Alopecia areata /
Statement of responsibility, etc Janey Levy.
504 ## - BIBLIOGRAPHY, ETC. NOTE
Bibliography, etc Includes bibliographical references (p. 56-61) and index.
906 ## - LOCAL DATA ELEMENT F, LDF (RLIN)
a 7
b cbc
c orignew
d 1
e ecip
f 20
g y-gencatlg
942 ## - ADDED ENTRY ELEMENTS (KOHA)
Source of classification or shelving scheme
Item type Books
Holdings
Withdrawn status Lost status Source of classification or shelving scheme Damaged status Not for loan Collection code Permanent location Current location Shelving location Date acquired Total Checkouts Full call number Barcode Date last seen Price effective from Koha item type
          Koleksioni i përgjithshem UBT - Lipjan UBT - Lipjan Koleksioni i përgjithshem 01/30/2018   616.546 LEV 002-2997063 01/30/2018 01/30/2018 Books
UBT Library © 2015-2024. All rights reserved University Education for Business and Technology